书目信息 |
| 题名: |
大学生舞蹈教学指导
|
|
| 作者: | 孙国荣 , 余美玉 著 | |
| 分册: | ||
| 出版信息: | 上海 上海音乐出版社 1998.10 |
|
| 页数: | 288+18页 | |
| 开本: | 32开 | |
| 丛书名: | ||
| 单 册: | ||
| 中图分类: | J7-4 | |
| 科图分类: | ||
| 主题词: | 舞蹈 | |
| 电子资源: | ||
| ISBN: | 7-80553-672-4 | |
| 000 | 00594nam0 2200205 45 | |
| 001 | 0010031957 | |
| 005 | 20001003195856.3 | |
| 010 | @a7-80553-672-4@d12.80元 | |
| 100 | @a20001003d1998 km y0chiy0120 ea | |
| 101 | 0 | @achi |
| 105 | @a z 000yy | |
| 200 | 1 | @a大学生舞蹈教学指导@ADa Xue Sheng Wu Dao Jiao Xue Zhi Dao@f孙国荣,余美玉著@FSun Guo Rong,Yu Mei Yu Zhu |
| 210 | @a上海@c上海音乐出版社@d1998.10 | |
| 215 | @a288+18页@d32开 | |
| 606 | 0 | @a舞蹈 |
| 690 | @aJ7-4@v3 | |
| 701 | 0 | @a孙国荣@4著 |
| 701 | 0 | @a余美玉@4著 |
| 801 | @aCN@bPftUser@c20001003 | |
| 905 | @b413292-295@dJ7-4@eS731@f4 | |
| 大学生舞蹈教学指导/孙国荣,余美玉著.-上海:上海音乐出版社,1998.10 |
| 288+18页;32开 |
| ISBN 7-80553-672-4:12.80元 |
| ● |
| 相关链接 |
|
|
|
正题名:大学生舞蹈教学指导
索取号:J7-4/S731
 
预约/预借
| 序号 | 登录号 | 条形码 | 馆藏地/架位号 | 状态 | 备注 |
| 1 | 413292 | 204132928 | 社科库309/309社科库 95排1列2层/ [索取号:J7-4/S731] | 在馆 | |
| 2 | 413293 | 204132937 | 社科库309/309社科库 95排1列2层/ [索取号:J7-4/S731] | 在馆 | |
| 3 | 413294 | 204132946 | 社科库309/309社科库 95排1列2层/ [索取号:J7-4/S731] | 在馆 | |
| 4 | 413295 | 204132955 | 社科库309/309社科库 95排1列2层/ [索取号:J7-4/S731] | 在馆 |